Normal view
MARC view
- الشامي،صلاح الدين علي/فؤاد محمد الصقار
Entry Personal Name
001 - CONTROL NUMBER
- control field: 34700
003 - CONTROL NUMBER IDENTIFIER
- control field: JO-AjAnu
005 - DATE AND TIME OF LATEST TRANSACTION
- control field: 20230606075817.0
008 - FIXED-LENGTH DATA ELEMENTS
- fixed length control field: 230606|| aca||aabn | a|a d
040 ## - CATALOGING SOURCE
- Original cataloging agency: JO-AjAnu
- Transcribing agency: JO-AjAnu
100 ## - HEADING--PERSONAL NAME
- Personal name: الشامي،صلاح الدين علي/فؤاد محمد الصقار
670 ## - SOURCE DATA FOUND
- Source citation: Work cat.: (JO-AjAnu)17822: الشامي،صلاح الدين علي/فؤاد محمد الصقار, author, الموارد:دراسة في الجغرافيا الاقتصادية